400 Best-Ever Soups: A Fabulous Collection of Delicious Soups from All Over the World (Record no. 618094)

MARC details
000 -LEADER
fixed length control field 00374nam a2200133 4500
008 - FIXED-LENGTH DATA ELEMENTS--GENERAL INFORMATION
fixed length control field 260325b |||||||| |||| 00| 0 eng d
020 ## - INTERNATIONAL STANDARD BOOK NUMBER
ISBN 9781844778706
Paper back/Hardbound HBK
041 ## - LANGUAGE CODE
Language code of text/sound track or separate title ENG
082 ## - DEWEY DECIMAL CLASSIFICATION NUMBER
Classification number 641.813 SHE
100 ## - MAIN ENTRY--AUTHOR NAME
Personal name Anne Sheasby
245 ## - TITLE STATEMENT
Title 400 Best-Ever Soups: A Fabulous Collection of Delicious Soups from All Over the World
942 ## - ADDED ENTRY ELEMENTS (KOHA)
Koha item type Reference
Holdings
Withdrawn status Lost status Damaged status Not for loan Home library Current library Shelving location Date acquired Full call number Accession Number Koha item type
        Anna Centenary Library Anna Centenary Library 6TH FLOOR, A WING 23.12.2010 641.813 SHE 434394 Reference

Find us on the map